Navidad : (Registro nro. 100079)

Detalles MARC
000 -LEADER
campo de control de longitud fija 01192nam a2200277 i 4500
001 - NÚMERO DE CONTROL
campo de control 100079
003 - IDENTIFICADOR DE NÚMERO DE CONTROL
campo de control ES-MaACL
005 - FECHA Y HORA DE LA ÚLTIMA TRANSACCIÓN
campo de control 20251103131629.0
007 - CAMPO FIJO DE DESCRIPCIÓN FÍSICA--INFORMACIÓN GENERAL
campo de control de longitud fija t|
008 - DATOS DE LONGITUD FIJA--INFORMACIÓN GENERAL
campo de control de longitud fija 050921s1916 sp a |||| | spa d
080 ## - NÚMERO DE LA CLASIFICACIÓN DECIMAL UNIVERSAL
Número de la Clasificación Decimal Universal 821.134.2-22"19"
100 1# - ENTRADA PRINCIPAL--NOMBRE DE PERSONA
Nombre de persona Martínez Sierra, Gregorio,
Fechas asociadas al nombre 1881-1947
9 (RLIN) 78429
245 10 - MENCIÓN DEL TÍTULO
Título Navidad :
Resto del título milagro en tres cuadros /
Mención de responsabilidad, etc. por Gregorio Martínez Sierra ; música de Joaquín Turina ; [dibujos de Alberto Durero].
260 ## - PUBLICACIÓN, DISTRIBUCIÓN, ETC.
Lugar de publicación, distribución, etc. Madrid :
Nombre del editor, distribuidor, etc. Renacimiento,
Fecha de publicación, distribución, etc. 1916 (
Fabricante Imp. Clásica Española)
300 ## - DESCRIPCIÓN FÍSICA
Extensión 108 p. :
Otras características físicas il. ;
Dimensiones 27 x 20 cm.
505 8# - NOTA DE CONTENIDO CON FORMATO
Nota de contenido con formato Contiene: Florilegio de Navidad
530 ## - NOTA DISPONIBLE DE FORMULARIO FÍSICO ADICIONAL
Nota de formato físico adicional disponible Disponible en formato digital.
594 ## - Nota al título y mención de responsabilidad
Nota al título y mención de responsabilidad Obra en colaboración entre Gregorio Martínez Sierra y María Lejárraga (María Martínez Sierra)
700 1# - ENTRADA AGREGADA--NOMBRE PERSONAL
Nombre de persona Turina, Joaquín,
Fechas asociadas al nombre 1882-1949
9 (RLIN) 111710
700 1# - ENTRADA AGREGADA--NOMBRE PERSONAL
Nombre de persona Dürer, Albrecht,
Fechas asociadas al nombre 1471-1528
9 (RLIN) 240966
700 1# - ENTRADA AGREGADA--NOMBRE PERSONAL
Nombre de persona Martínez Sierra, María,
Fechas asociadas al nombre 1874-1974
9 (RLIN) 78430
852 4# - LOCALIZACIÓN
Ubicación ES-MaACL
Número de control de estantería G-12466
Ubicación en estantería Sala Pecera Planta 3
condición física Conservando cubierta original
Encuadernación Encuadernación holandesa
856 4# - LOCALIZACIÓN Y ACCESO ELECTRÓNICOS
Identificador Uniforme de Recursos <a href="https://archive.org/details/navidadmilagroen00mart/page/n7 ">https://archive.org/details/navidadmilagroen00mart/page/n7 </a>
Texto de enlace Internet Archive
942 ## - ELEMENTOS DE ENTRADA SECUNDARIOS (KOHA)
Fuente del sistema de clasificación o colocación Clasificación decimal universal
Existencias
Estatus retirado Estado de pérdida Estado de daño No para préstamo Colección Biblioteca de origen Biblioteca actual Ubicación en estantería Fecha de adquisición Fuente de adquisición Total de préstamos Signatura topográfica completa Código de barras Visto por última vez Precio de reemplazo Tipo de ítem Koha
        Colección digital Biblioteca del Ateneo de Madrid Biblioteca del Ateneo de Madrid Sala Pecera Planta 3 17/01/2008     G-12466 1104500 23/02/2023 23/02/2023 Libro impreso